| 000 | 00799nam a2200241Ia 4500 | ||
|---|---|---|---|
| 005 | 20220211105029.0 | ||
| 008 | 210716s2016 xx 000 0 und d | ||
| 020 | _a9788131526613 | ||
| 040 | _cAIMIT LIBRARY | ||
| 041 | _aeng | ||
| 082 |
_a658.4038011 _25 _bALBS |
||
| 100 |
_aAlbright, S Christian. _919154 |
||
| 245 |
_aBusiness analytics: _bdata analysis and decision making / _cBy S. Christian Albright and Wayne L. Winston. |
||
| 250 | _a5th ed. | ||
| 260 |
_aNew Delhi : _bCengage Learning , _c2016. |
||
| 300 |
_axviii,990p. ; _c25.3 cm. |
||
| 650 |
_aBusiness Analytics. _919155 |
||
| 650 |
_aExploring Data. _919203 |
||
| 650 |
_aStatistical Inference. _919204 |
||
| 650 |
_aAdvanced Data. _919205 |
||
| 700 |
_aWinston, Wayne L. _919206 |
||
| 942 |
_2ddc _cBK _e5th _k658.4038011 ALBS |
||
| 999 |
_c210194 _d210194 |
||